LDR 00736naa#a2200193#i#450# 001 EN\\bibl\117971 005 20260605143112.5 011 ## _a2500-4026 100 ## _a20251230b2025####ek#y0engy0150####ca 101 0# _aRUS 102 ## _aRU 200 1# _aON THE ISSUE OF USING VIRTUAL REALITY TECHNOLOGIES TO PRACTICE ACTIONS TO RESCUE PEOPLE IN CASE OF FIRES IN BUILDINGS OF VARIOUS FUNCTIONAL PURPOSES _eJournal article 210 1# _aZheleznogorsk _cFSBEE HE Siberian Fire and Rescue Academy EMERCOM of Russia _d2025 215 ## _a11 с. 608 ## _aJournal article _2local 675 ## _aПрочее спасательное оборудование. 614.847.79 _zRUS 700 #1 _aKapustin _gA A 700 #1 _aKalach _gA V 856 4# _aapbt-sibpsa.editorum.ru _u